000 00936nam a2200289Ia 4500
003 OSt
005 20221007121430.0
006 a|||||r|||| 00| 0
007 ta
008 221006b |||||||| |||| 00| 0 eng d
020 _a9783319085746 (hbk)
024 _a196503
037 _b74, 10/03/2017, Aviva Books Company
_cTextual
040 _aBDL
_cBDL
_beng
041 _2eng
_aeng
082 _aG91:4, Q5 Carb
100 _aLuftenberg Ben
_9711915
245 0 _aPrinciples of plant-microbe interaction
260 _aLondon
_bSpringer
_c2015
300 _axxiv,448p. ill.
_ccm.
500 _aIndex 435 - 448p.
650 _a Future prospects and dreams
_9711916
650 _a Plant growth promotion by microbes
_9711917
650 _aPhytopathogens and pest insects
_9711918
942 _hG91:4, Q5 Carb
_cTEXL
_2CC
999 _c1208877
_d1208877